Biggest cities by closest major circle, with a map - Statistics

General Stats
  • This quiz has been taken 340 times
    89 since last reset
  • The average score is 18 of 25
Answers on the Map
Answers color-coded by a green-red scale on the quiz's map according to % correct below.
 
Answer Stats
Hint Answer % Correct
15.4 M London
96%
19.1 M Moscow
95%
11.6 M Paris
95%
6.35 M Saint Petersburg
93%
41.3 M Tokyo
91%
17.0 M Buenos Aires
86%
28.1 M Mumbai
86%
10.8 M Bogotá
85%
21.9 M Lagos
85%
36.9 M Delhi
84%
22.7 M São Paulo
84%
12.2 M Lima
83%
13.6 M Río de Janeiro
83%
42.3 M Shanghai
83%
29.8 M Jakarta
80%
15.1 M Johannesburg
77%
10.8 M Rhine-Ruhr
74%
16.9 M Kinshasa
73%
14.7 M Ho Chi Minh City
70%
73.6 M Guangzhou
64%
104 k Dunedin
26%
123 k Punta Arenas
25%
199 k Comodoro
19%
115 k Río Gallegos
15%
97.6 k Río Grande
10%
No matching quizzes found
Score Distribution
Percent of People with Each Score
Percentile by Number Answered
Your Score History
You have not taken this quiz since the last reset